Statistics for Countries with five-pointed star on their flag

Click here to take the quiz!

General Stats

  • This quiz has been taken 26 times
  • The average score is 39 of 58

Answer Stats

Answer% Correct
Australia
84%
Cameroon
84%
Ghana
84%
Morocco
84%
New Zealand
84%
United States
84%
Vietnam
84%
Algeria
79%
Chile
79%
China
79%
Samoa
79%
Senegal
79%
Angola
74%
Brazil
74%
Cuba
74%
Mauritania
74%
Pakistan
74%
Panama
74%
Somalia
74%
Tajikistan
74%
Togo
74%
Tunisia
74%
Comoros
68%
Honduras
68%
Libya
68%
Mozambique
68%
Suriname
68%
Turkey
68%
Tuvalu
68%
Uzbekistan
68%
Burkina Faso
63%
Democratic Republic of the Congo
63%
Dominica
63%
Federated States of Micronesia
63%
Liberia
63%
Myanmar
63%
Papua New Guinea
63%
Paraguay
63%
Saint Kitts and Nevis
63%
Singapore
63%
Solomon Islands
63%
Turkmenistan
63%
Venezuela
63%
Zimbabwe
63%
Djibouti
58%
Ethiopia
58%
Grenada
58%
Guinea-Bissau
58%
Syria
58%
Cape Verde
53%
Central African Republic
53%
Philippines
53%
Sao Tome and Principe
53%
South Sudan
53%
Bosnia and Herzegovina
42%
North Korea
42%
East Timor
37%
Kosovo
37%

Score Distribution

Percentile by Number Answered

Percent of People with Each Score

Your Score History

You have not taken this quiz